| 000 | 01198nam a2200229Ia 4500 | ||
|---|---|---|---|
| 003 | Ost | ||
| 005 | 20260507075451.0 | ||
| 008 | 260507s9999||||xx |||||||||||||| ||und|| | ||
| 020 | _a70157099579 | ||
| 040 | _cfsecg | ||
| 041 | _aara | ||
| 082 | _a332.12 | ||
| 100 |
_aخصاونه، احمد سليمان _eمؤلف |
||
| 245 | 0 |
_aالمصارف الاسلامية : _bمقررات لجنة بازل - تديات العولمة - استراتيجية مواجهتها / _c احمد سليمان خصاونه |
|
| 260 |
_aاربد: _bعالم الكتب الحديث, _c2008 |
||
| 300 |
_a331 صفحة؛ _c24 سم |
||
| 504 | _aمراجع ص. 313 | ||
| 520 | _aالعولمة المالية والاقتصادية ، المصارف الإسلامية ، مقررات لجنة بازل 2 وأثرها على المصارف الاسلامية ، الفصل الرابع أهم التحديات لتي تواجه المصارف الاسلامية في ظل العولمة المالية ، استراتجية عمل المصارف الاسلامية في مواجهة تحديات العولمة | ||
| 653 | _aاقتصاد مالي | ||
| 653 | _aبنوك اسلامية | ||
| 942 | _cكتاب | ||
| 999 |
_c44629 _d44629 |
||